| 000 | 00399nam a2200157Ia 4500 | ||
|---|---|---|---|
| 005 | 20250129094909.0 | ||
| 008 | 231217s9999 xx 000 0 und d | ||
| 020 | _a9788131411650 | ||
| 082 | _a657.4 RAS;1 R | ||
| 100 | _aRashmi Sharma ed. | ||
| 245 | 0 | _aSocial capital : an introduction | |
| 260 |
_c2007 _bIcfai _aHyderabad |
||
| 300 | _aviii, 203 | ||
| 650 | _aSocial,capital | ||
| 942 | _cAA | ||
| 999 |
_c191332 _d191332 |
||